| 000 | 00530nam a2200169Ia 4500 | ||
|---|---|---|---|
| 003 | GCL | ||
| 008 | 140319s9999 xx 000 0 ara d | ||
| 040 |
_aGCL / _cGCL |
||
| 082 | 0 | 4 |
_a210.92 _bا ط |
| 100 | 1 | _aابن مسعد، محمد بن ضبع البصرى | |
| 245 | 1 | 0 |
_aالطبقات الكبرى السابع / _cابن مسعد، محمد بن ضبع البصرى |
| 300 | _a439 ص | ||
| 490 |
_aكتاب _v0 |
||
| 650 | 0 | 4 | _aالسيرة النبوية |
| 650 | 0 | 4 | _aالتاريخ الاسلامى |
| 942 |
_2ddc _cBK |
||
| 999 |
_c42244 _d42244 |
||